000 00781nas a2200241 4500
001 BR0802367
003 BR-BrBNA
005 20231205111955.0
007 ta
008 230509b bl.|||p| |||| 00| 00por d
040 _aBR-BrBNA
_bpor
_cBiblioteca Nacional de Agricultura
041 _a(Pt)
072 _aL60
100 1 _aNeves, E.L.
100 1 _aViana, B.F.
245 1 _aOcorrência de Epicharis bicolor Smith (Hymenoptera:Apidae: Centridrini)nas caatingas da margem esquerda do médio rio São Francisco
650 _aABELHA
650 _aDISTRIBUIÇÃO GEOGRÁFICA
650 _aCAATINGA
773 0 _tNeotropical Entomology (Brazil)
_xISSN 1519-566X
_g(Dec 2001), v.30(4) p. 735-736
_wBR0802367
909 _a202311
_bLúcia
_c55
_dLúcia Elande
942 _2AGRIS
_n0
_cANA
999 _c195414
_d195414